[Event "Moscow op"]
[Site "Moscow"]
[Date "2011.01.12"]
[Round "9"]
[White "Shmatkov, Mikhail"]
[Black "Lebedev, Alexandr"]
[Result "1-0"]
[WhiteElo "2142"]
[BlackElo "2286"]
[PlyCount "65"]
[EventDate "2011.01.03"]
[EventType "swiss"]
[EventRounds "9"]
[EventCountry "RUS"]
[SourceTitle "CBM 140 Extra"]
[Source "ChessBase"]
[SourceDate "2011.03.01"]
[SourceVersion "1"]
[SourceVersionDate "2011.03.01"]
[SourceQuality "1"]

1. e4 Nf6 2. e5 Nd5 3. d4 d6 4. Nf3 Bg4 5. Be2 c6 6. 0-0 Bxf3 7. Bxf3 dxe5 8. dxe5 e6 9. c4 Ne7 10. Qe2 Nd7 11. b3 Ng6 12. Bb2 Qc7 13. Be4 Bc5 14. Kh1 0-0-0 15. f4 Kb8 16. a3 f6 17. b4 Be7 18. Nd2 fxe5 19. Bxg6 hxg6 20. fxe5 Rh5 21. Nf3 Rdh8 22. Qe4 Nf8 23. c5 Qd7 24. Rad1 Qe8 25. h3 g5 26. Rd6 Bxd6 27. exd6 Qg6 28. d7 Kc7 29. Qe5+ Kxd7 30. Qd6+ Kc8 31. Be5 Qf7 32. Qb8+ Kd7 33. Rd1+ 1-0

[Event "Moscow op"]
[Site "Moscow"]
[Date "2011.01.08"]
[Round "5"]
[White "Tchernyi, Viktor"]
[Black "Lebedev, Alexandr"]
[Result "1/2-1/2"]
[WhiteElo "2118"]
[BlackElo "2286"]
[PlyCount "44"]
[EventDate "2011.01.03"]
[EventType "swiss"]
[EventRounds "9"]
[EventCountry "RUS"]
[SourceTitle "CBM 140 Extra"]
[Source "ChessBase"]
[SourceDate "2011.03.01"]
[SourceVersion "1"]
[SourceVersionDate "2011.03.01"]
[SourceQuality "1"]

1. e4 Nf6 2. e5 Nd5 3. Nf3 d6 4. d4 Bg4 5. Be2 e6 6. 0-0 Be7 7. c4 Nb6 8. Be3 0-0 9. Nc3 Nc6 10. exd6 cxd6 11. d5 exd5 12. Nxd5 Nxd5 13. Qxd5 Bf6 14. Qd2 Qa5 15. Rfd1 Rfe8 16. Qxa5 Nxa5 17. Rd2 Rac8 18. Bxa7 Nxc4 19. Bxc4 Rxc4 20. Bd4 Bxf3 21. Bxf6 Bxg2 22. Kxg2 gxf6 1/2-1/2

[Event "Moscow op"]
[Site "Moscow"]
[Date "2011.01.06"]
[Round "4"]
[White "Lebedev, Alexandr"]
[Black "Kireev, Sergey Ivanovich"]
[Result "0-1"]
[WhiteElo "2286"]
[BlackElo "2155"]
[PlyCount "64"]
[EventDate "2011.01.03"]
[EventType "swiss"]
[EventRounds "9"]
[EventCountry "RUS"]
[SourceTitle "CBM 140 Extra"]
[Source "ChessBase"]
[SourceDate "2011.03.01"]
[SourceVersion "1"]
[SourceVersionDate "2011.03.01"]
[SourceQuality "1"]

1. c4 e5 2. Nc3 Nf6 3. Nf3 Nc6 4. d4 exd4 5. Nxd4 Bb4 6. g3 Ne4 7. Qd3 Nxc3 8. bxc3 Bc5 9. Bf4 Qf6 10. Qe3+ Ne7 11. Bg2 0-0 12. Rd1 Nf5 13. Qd2 a5 14. 0-0 Nd6 15. Qd3 Qg6 16. e4 a4 17. Nf5 Nxf5 18. exf5 Qf6 19. Bxc7 d6 20. Qd5 Ra6 21. Rfe1 Bxf5 22. Qxb7 Ra7 23. Qc6 Bxf2+ 24. Kh1 Bxe1 25. Rxe1 Qxc3 26. Rd1 Bg4 27. Bb6 Ra6 28. Rb1 Qc2 29. Re1 Qd2 30. Rf1 Be2 31. Rb1 Qxa2 32. Qb5 Bxc4 0-1